Để trở thành thủ lĩnh kinh doanh xuất sắc = The sales leader's problem solver : Nghệ thuật quản lý và hỗ trợ đội nhóm hiệu quả nhất

Nội dung chỉ ra 15 vấn đề rắc rối mà các quản lý bán hàng liên tục phải đối mặt nhưng lại hiếm khi giải quyết thành công và đưa ra cách nhận diện chính xác vấn đề, tìm các nguyên nhân phức tạp của nó và đi sâu vào các phương án xử lý k...

全面介绍

Đã lưu trong:
书目详细资料
主要作者: Paling, Suzanne M.
其他作者: Khải Nguyễn (Dịch)
格式: 图书
语言:Vietnamese
出版: H. Hồng Đức 2018
版:Tái bản lần thứ 1
主题:
标签: 添加标签
没有标签, 成为第一个标记此记录!
Thư viện lưu trữ: Thư viện Trường Đại học Nam Cần Thơ
LEADER 01357nam a22002177a 4500
001 NCT_81952
008 200616b xxu||||| |||| 00| 0 vie d
999 |c 4028  |d 4028 
020 |a 9786048960658  |c 159000 
082 0 4 |2 23rd ed.  |a 658.403  |b P162 
100 1 |a Paling, Suzanne M. 
245 1 0 |a Để trở thành thủ lĩnh kinh doanh xuất sắc =  |b The sales leader's problem solver : Nghệ thuật quản lý và hỗ trợ đội nhóm hiệu quả nhất  |c Suzanne M. Paling ; Khải Nguyễn (dịch) 
250 |a Tái bản lần thứ 1 
260 |a H.  |b Hồng Đức  |c 2018 
300 |a 451 tr.  |c 21cm 
520 3 |a  Nội dung chỉ ra 15 vấn đề rắc rối mà các quản lý bán hàng liên tục phải đối mặt nhưng lại hiếm khi giải quyết thành công và đưa ra cách nhận diện chính xác vấn đề, tìm các nguyên nhân phức tạp của nó và đi sâu vào các phương án xử lý khác nhau.  
653 |a Quản trị kinh doanh 
700 0 |a Khải Nguyễn  |e Dịch 
942 |2 ddc  |c BK 
952 |0 0  |1 0  |2 ddc  |4 0  |6 658_403000000000000_P162  |7 0  |9 19846  |a 000001  |b 000001  |d 2020-06-16  |o 658.403 P162  |p MD.17212  |r 2020-06-16  |v 159000.00  |w 2020-06-16  |y BK 
980 |a Thư viện Trường Đại học Nam Cần Thơ